Co można zrobić z kartki papieru? - Statystyki

Ogólne statystyki
  • Ten quiz został rozwiązany 6 razy
  • Średni wynik to 3 z 5
Statystyki odpowiedzi
Hint Odpowiedź % Poprawnych
2. Origami
100%
5. Kulkę
80%
1. Samolot
80%
3. Czapkę
60%
4. Flagę
0%
Nie znaleziono quizów pasujących do podanych kryteriów
Rozkład punktacji
Procent ludzi z każdym wynikiem
Percentyl według liczby udzielonych odpowiedzi
Twoja historia wyników
Nie rozwiązałeś tego quizu